| 000 | 00991nam a2200277 a 4500 | ||
|---|---|---|---|
| 001 | 1219 | ||
| 003 | BD-RjUL | ||
| 005 | 20211208233308.0 | ||
| 008 | 131125s1962 enkar 001 0 eng | ||
| 035 | _aBD-RjUL 1241 | ||
| 035 | _a(OCoLC)01260435 | ||
| 040 |
_cMUL _dIUL _dm.c. _dNYG _dOCL _dm/c _dBD-RjUL _beng _aBD-RjUL |
||
| 041 | _aeng | ||
| 082 | 0 | 0 |
_219 _a001.3072041 _bSCI 1962 |
| 090 |
_aAS115 _b.S416 |
||
| 099 | _aAS115.S416 | ||
| 245 | 0 | 0 |
_aScientific and learned societies of Great Britain : _ba handbook compiled from official sources / _cBritish Council |
| 260 |
_aLondon : _bGeorge Allen and Unwin, _c1962. |
||
| 300 |
_a219 p. ; _c23 cm. |
||
| 500 | _aIncludes index. | ||
| 550 | _aEdited 1951- by the British Council. | ||
| 650 | 0 |
_aLearned institutions and societies _zGreat Britain _vPeriodicals. _93614 |
|
| 710 | 2 |
_aBritish Council. _9974 |
|
| 780 | 0 | 0 |
_tOfficial yearbook of the scientific and learned societies of Great Britain and Ireland _w(OCoLC)1589916 |
| 942 |
_2ddc _cBK |
||
| 999 |
_c1219 _d1219 |
||